000 00884nas a2200253Ia 4500
001 R707/E6759
003 IT-RoPAU
008 151124c99999999xx |||||||||||| ||und||
040 _aIT-RoPAU
040 _cIT-RoPAU
041 _aTEDESCO
100 _aSchmauks Dagmar
_gCodice Aut. SPICS: 41562
210 _aZEITSCHRIFT FUR SEMIOTIK
222 _aZeitschrift Fur Semiotik
245 _aZEITSCHRIFT FUR SEMIOTIK, VOL. 19-N.1/2 (1997)
_bPflanzen Als Zeichen
250 _a1a ed.
260 _aTUBINGEN
_bSTAUFFENBURG VERLAG
_c1997
501 _bPaulus - SPICS - Società San Paolo EM (non-commercial uses only)
_cCopyright2015
300 _a15 p. [133-147]
362 _aVOL. 19, N.1/2 (1997)
500 _aPiante e Piantare Come Segno e Come Segno Indecifrabile, Come Segno Iconico. Simbolismo della Pianta.
650 _aSEMIOTICA
_vPUBBLICAZIONE PERIODICA
942 _cCR
999 _c181529
_d181529